Гранвиль. [Кн. 2]: Гранвиль. Черная душа | Гранвиль. Новый год (Запись № 13540478)

Подробности
000 -МАРКЕР
контрольное поле 01219nam2a2200265 4500
001 - ИДЕНТИФИКАТОР ЗАПИСИ
контрольное поле RU\NLR\BIBL_A\022708902
005 - ИДЕНТИФИКАТОР ВЕРСИИ
контрольное поле 20260331144132.0
010 ## - МЕЖДУНАРОДНЫЙ СТАНДАРТНЫЙ НОМЕР КНИГИ (ISBN)
Номер (ISBN) 978-5-389-30374-4
Тираж 2000
021 ## - НОМЕР ГОСУДАРСТВЕННОЙ РЕГИСТРАЦИИ
Код страны Российская Федерация
Номер АЛ-П-25-01322и
Номер Листа государственной регистраци АЛ-П-25-0249
035 ## - ДРУГИЕ СИСТЕМНЫЕ НОМЕРА
Идентификатор записи (NLR Aleph) 022708902
100 ## - ДАННЫЕ ОБЩЕЙ ОБРАБОТКИ
Данные общей обработки 20260126d2025 u y0rusy50 ca
101 1# - ЯЗЫК РЕСУРСА
Язык текста, звукозаписи и т.д. русский
Язык оригинала английский
102 ## - СТРАНА ПУБЛИКАЦИИ ИЛИ ПРОИЗВОДСТВА
Страна публикации Российская Федерация
105 ## - ПОЛЕ КОДИРОВАННЫХ ДАННЫХ: ТЕКСТОВЫЕ МАТЕРИАЛЫ, МОНОГРАФИЧЕСКИЕ
Кодированные данные о монографическом текстовом документе a t 000ay
200 1# - ЗАГЛАВИЕ И СВЕДЕНИЯ ОБ ОТВЕТСТВЕННОСТИ
Основное заглавие Гранвиль. Черная душа
-- Гранвиль. Новый год
210 ## - ПУБЛИКАЦИЯ, РАСПРОСТРАНЕНИЕ И ДР.
Дата издания, распространения и т.д. 2025
215 ## - ФИЗИЧЕСКАЯ ХАРАКТЕРИСТИКА
Специфическое обозначение материала и объем 214, [1] с.
Другие сведения о физической характеристике ил., цв. ил.
333 ## - ПРИМЕЧАНИЯ ОБ ОСОБЕННОСТЯХ РАСПРОСТРАНЕНИЯ И ИСПОЛЬЗОВАНИЯ
Текст примечания 18+
461 #0 - УРОВЕНЬ НАБОРА
Встроенное поле 001RU\NLR\BIBL_A\022658819
-- 2001#$aГранвиль$eграфический роман$fБрайан Тэлбот$g[перевод с английского Екатерины Доброхотовой-Майковой]$v[Кн. 2]
-- 700#1$aТэлбот$bБ.$f1952-$gБрайан$3RU\NLR\AUTH\770286974
Системный номер (АБИС) связанной записи 13470326
Автор Тэлбот, Б. (1952-)
Место публикации Санкт-Петербург
Дата публикации 2025-
Первые сведения об ответственности Брайан Тэлбот
Имя издателя, распространителя и т.д. Азбука
Сведения, относящиеся к заглавию графический роман
Заглавие Гранвиль
Номер тома [Кн. 2]
942 ## - ДОПОЛНИТЕЛЬНЫЕ ЭЛЕМЕНТЫ ЗАПИСИ (АБИС)
Тип экземпляра АБИС Книга
980 ## - КОЛЛЕКЦИЯ
Название коллекции Национальная библиография

Нет доступных экземпляров.